Statistiken für Nina Chuba ft. Chapo102 - Ich hass dich (lyrics)

Klicken Sie hier um das Quiz zu spielen!

Allgemein

  • Dieses Quiz wurde 100 mal gespielt
  • Das Durchschnittsergebnis liegt bei 364 aus 451

Antwortstatistiken

Antwort% Korrekt
dich
99%
hass
99%
ich
99%
Ich
99%
dein
97%
Dein
97%
die
96%
du
96%
Und
96%
und
96%
deine
94%
für
92%
glaub
92%
glaub,
92%
wie
92%
Art
91%
Art,
91%
den
91%
der
91%
an
90%
sie
90%
das
89%
mit
87%
nie
87%
fette
86%
fette,
86%
Hast
86%
hast
86%
in
86%
ja,
86%
ja
86%
Ja,
86%
Karre
86%
ein
84%
la
84%
Ne
84%
nicht
84%
vie
84%
bist
82%
gut
82%
Ist
82%
ist
82%
noch
81%
Sag
81%
alles
80%
deinen
80%
so
80%
weil
80%
Wieso
80%
wieso
80%
Bar?
78%
Frise,
78%
kommst
78%
bei
77%
denn
77%
Mädels
77%
parkst
77%
wenn
77%
aber
76%
aber,
76%
Aber,
76%
hin
76%
im
76%
sind
76%
was
76%
Eltern
75%
hab
75%
von
75%
wo
75%
Anwalt
73%
deinem
73%
immer
73%
Jede
73%
Los
73%
mich
73%
mir,
73%
Onkel
73%
Charme
72%
nen
72%
zusammen
72%
bekommen,
71%
Chirurg
71%
dir
71%
Korb
71%
Lotterie
71%
Plastik?
71%
sagst,
71%
vielleicht
71%
Weihnachten
71%
Würd
71%
würd
71%
wurd
71%
außer
70%
bisschen
70%
falsche
70%
verdient?
70%
womit
70%
Womit
70%
auf
68%
Finanzen
68%
Gewonnen
68%
mal
68%
Aktien
67%
drastisch
67%
fällt
67%
Gen
67%
niemand,
67%
Nummer
67%
Topmodel
67%
Zieh
67%
einen
66%
Handy
66%
Merkt
66%
Präsenten
66%
Steuern
66%
Typen
66%
zerrissen,
66%
Daddy
65%
Gestriegelt
65%
jeder
65%
Nieten
65%
Nieten,
65%
Unternehmen
65%
faltenlos
63%
Händen,
63%
Hurensohn
63%
kriegst
63%
Nase
63%
plötzlich
63%
Präsident
63%
trägt
63%
bedingungslos
62%
cest
62%
jedem
62%
wundern,
62%
auch
61%
brechen,
61%
gern
61%
weißt,
61%
diesen
59%
geht
59%
geschenkt,
59%
lohnt
58%
sich
58%
Boot,
57%
Herz
57%
sagt
57%
Schoß
57%
EKG
56%
Lächeln
56%
laufendem
56%
gebrochen,
54%
letzte
54%
eigenen
53%
Fresse
53%
Colgate
52%
Haus
52%
Pilot
52%
wenns
52%
Bentley,
51%
egal,
49%
retten
49%
Wale
49%
Hummerschwanz
48%
Kaviar
48%
verschwinden
48%
Vogue
48%
nebenbei
47%
Job
42%
Saint
41%
Stunden
41%
Fünfundsiebzig
38%
sitzt,
38%
Tropez
37%

Verteilung der Resultate

Perzentil nach korrekt beantworteten Fragen

Anzahl Personen mit jedem Resultat

Ihre Resultats-Entwicklung

Sie haben dieses Quiz noch nicht gespielt